000 00312 a2200121 4500
001 78611
082 _a629.1341 MEG
090 _c39424
_d39424
100 _aTHG Megson
245 _aAircraft Structure for Engg Students
_bMegson
260 _aLondon
_cEdward Arnold
_a1984
500 _aBE textbook Aerosapce
942 _aNUST-CAE
_k629.1341 MEG
999 _c313684
_d313684